Urban housing
Saved in:
| Main Author: | |
|---|---|
| Format: | Book |
| Language: | English |
| Published: |
Ishwar books
2019
|
| Tags: |
Add Tag
No Tags, Be the first to tag this record!
|
MARC
| LEADER | 00000nam a22000007a 4500 | ||
|---|---|---|---|
| 008 | 210813b ||||| |||| 00| 0 eng d | ||
| 020 | |a 9789386806536 | ||
| 100 | |a SINHA, Pramod Kumar | ||
| 245 | |a Urban housing |c Pramod Kumar |g vi, 296p.ill. | ||
| 260 | |b Ishwar books |c 2019 |d Book |h New Delhi |i 696764 |i 696765 |l HD 7219.96 |m Social Security-India | ||
| 500 | |a " It includes Bibliography" | ||
| 942 | |a lcc |c BK |e Olagoke, M.A. |f 13/08/2021 | ||
| 952 | |0 0 |1 0 |2 lcc |4 0 |7 0 |9 3018 |a HOL |b SSL |c GJ |d 2021-08-13 |o HD 7219.S6 |p 2021-66713 |r 2021-08-13 00:00:00 |t 696764 |w 2021-08-13 |y BK | ||
| 952 | |0 0 |1 0 |2 lcc |4 0 |7 0 |9 3019 |a HOL |b HOL |c GJ |d 2021-08-13 |o HD 7219.S6 |p 2021-66714 |r 2021-08-13 00:00:00 |t 696765 |w 2021-08-13 |y BK | ||
| 999 | |c 1532 |d 1532 | ||